| 000 | 00516 a2200169 4500 | ||
|---|---|---|---|
| 005 | 20250605153930.0 | ||
| 020 | _a978-81-224-3623-5 | ||
| 082 | _a001.43 KOT | ||
| 100 | _aKOTHARI, C.R. | ||
| 245 | _aResearch Methodology: Methods and Techniques. | ||
| 250 | _a3rd Ed. | ||
| 260 |
_aLondon, _bNew Age International (P) Limited, _c2014. |
||
| 300 |
_axx, 449p.: ill.; table. _bIndex, References _c24cm |
||
| 700 | _aGARG, G. | ||
| 856 |
_yAccess online book _fResearch _dwww.newageacademicscience.co.uk |
||
| 942 |
_2ddc _cBKS |
||
| 999 |
_c7 _d7 |
||